[Event "escc2023_50"]
[Site "?"]
[Date "2023.05.30"]
[Round "5.1"]
[White "Baglay, Kseniya"]
[Black "Ni, Polina"]
[Result "0-1"]
[BlackElo "1892"]
[WhiteElo "1712"]
[LiveChessVersion "1.4.8"]

1. Nf3 {[%clk 1:30:57]} d5 {[%clk 1:30:58]} 2. g3 {[%clk 1:30:53]} c5
{[%clk 1:31:11]} 3. Bg2 {[%clk 1:30:59]} Nf6 {[%clk 1:31:36]} 4. c3
{[%clk 1:30:19]} Nc6 {[%clk 1:28:12]} 5. d4 {[%clk 1:30:29]} e6 {[%clk 1:24:51]}
6. O-O {[%clk 1:28:44]} Bd6 {[%clk 1:23:32]} 7. Bg5 {[%clk 1:27:00]} O-O
{[%clk 1:19:07]} 8. Nbd2 {[%clk 1:26:20]} h6 {[%clk 1:17:00]} 9. Bxf6
{[%clk 1:26:26]} Qxf6 {[%clk 1:17:19]} 10. e4 {[%clk 1:26:24]} cxd4
{[%clk 1:09:44]} 11. exd5 {[%clk 1:25:52]} exd5 {[%clk 1:09:34]} 12. cxd4
{[%clk 1:22:10]} Nxd4 {[%clk 1:05:45]} 13. Nxd4 {[%clk 1:20:00]} Qxd4
{[%clk 1:06:08]} 14. Nb3 {[%clk 1:19:08]} Qxb2 {[%clk 1:00:13]} 15. Bxd5
{[%clk 1:19:32]} Be5 {[%clk 0:57:29]} 16. Re1 {[%clk 1:18:39]} Bf6
{[%clk 0:55:07]} 17. Qf3 {[%clk 1:00:47]} Rb8 {[%clk 0:40:37]} 18. Re2
{[%clk 0:58:32]} Qa3 {[%clk 0:38:26]} 19. Rc1 {[%clk 0:55:36]} Qb4
{[%clk 0:32:58]} 20. Rc7 {[%clk 0:53:31]} Bg4 {[%clk 0:25:20]} 21. Qe4
{[%clk 0:25:41]} Qxe4 {[%clk 0:22:57]} 22. Rxe4 {[%clk 0:26:09]} Bf3
{[%clk 0:23:19]} 23. Nd2 {[%clk 0:24:12]} Bxe4 {[%clk 0:23:24]} 24. Nxe4
{[%clk 0:24:40]} Rbd8 {[%clk 0:18:16]} 25. Nxf6+ {[%clk 0:22:13]} gxf6
{[%clk 0:18:36]} 26. Bxb7 {[%clk 0:22:38]} Rd1+ {[%clk 0:17:24]} 27. Kg2
{[%clk 0:23:01]} Rd2 {[%clk 0:16:41]} 28. a4 {[%clk 0:22:39]} Ra2
{[%clk 0:15:56]} 29. Rc4 {[%clk 0:19:56]} Rb8 {[%clk 0:14:16]} 30. Rg4+
{[%clk 0:20:06]} Kf8 {[%clk 0:13:44]} 31. Bc6 {[%clk 0:19:43]} Rb6
{[%clk 0:12:41]} 32. Bd7 {[%clk 0:14:50]} Ke7 {[%clk 0:10:17]} 33. Bb5
{[%clk 0:13:47]} a6 {[%clk 0:09:44]} 34. Bf1 {[%clk 0:11:49]} Rbb2
{[%clk 0:06:04]} 35. Rf4 {[%clk 0:11:45]} a5 {[%clk 0:05:26]} 36. Bb5
{[%clk 0:12:06]} Rb4 {[%clk 0:05:10]} 37. Rf5 {[%clk 0:11:45]} Ke6
{[%clk 0:04:55]} 38. Rh5 {[%clk 0:12:05]} Rc2 {[%clk 0:03:09]} 39. Bd3
{[%clk 0:09:33]} Rd2 {[%clk 0:02:40]} 40. Bb5 {[%clk 0:09:44]} f5
{[%clk 0:01:20]} 41. Rxh6+ {[%clk 0:09:24]} f6 {[%clk 0:28:18]} 42. Rh4
{[%clk 0:14:43]} Rxh4 {[%clk 0:19:45]} 43. gxh4 {[%clk 0:15:12]} f4
{[%clk 0:14:07]} 44. Kf3 {[%clk 0:12:36]} Kf5 {[%clk 0:13:08]} 45. h3
{[%clk 0:09:02]} Rd4 {[%clk 0:12:30]} 46. Be8 {[%clk 0:08:23]} Rd3+
{[%clk 0:11:50]} 47. Kg2 {[%clk 0:08:51]} Rd8 {[%clk 0:08:52]} 48. Bh5
{[%clk 0:06:41]} Rd4 {[%clk 0:06:43]} 49. Be8 {[%clk 0:06:52]} Re4
{[%clk 0:06:39]} 50. Bb5 {[%clk 0:06:50]} Rd4 {[%clk 0:06:37]} 51. Kf3
{[%clk 0:06:12]} Rd2 {[%clk 0:05:21]} 52. Bc6 {[%clk 0:04:31]} Rd3+
{[%clk 0:05:30]} 53. Kg2 {[%clk 0:04:58]} Rc3 {[%clk 0:05:22]} 54. Bd7+
{[%clk 0:03:33]} Kg6 {[%clk 0:03:12]} 55. Be8+ {[%clk 0:04:02]} Kg7
{[%clk 0:02:34]} 56. h5 {[%clk 0:04:22]} Kh6 {[%clk 0:01:53]} 57. h4
{[%clk 0:03:52]} Rc8 {[%clk 0:01:37]} 58. Bf7 {[%clk 0:04:06]} Rc7
{[%clk 0:01:43]} 59. Bg6 {[%clk 0:04:11]} Rc4 {[%clk 0:01:36]} 60. Be8
{[%clk 0:04:16]} Re4 {[%clk 0:01:40]} 61. Bc6 {[%clk 0:04:12]} Re5
{[%clk 0:00:49]} 62. Bf3 {[%clk 0:03:23]} Rc5 {[%clk 0:01:04]} 63. Be2
{[%clk 0:03:28]} Rd5 {[%clk 0:00:45]} 64. Bf3 {[%clk 0:01:56]} Rd4
{[%clk 0:00:51]} 65. Bc6 {[%clk 0:01:49]} Kxh5 {[%clk 0:01:04]} 66. Kh3
{[%clk 0:01:44]} f5 {[%clk 0:00:40]} 67. Be8+ {[%clk 0:01:47]} Kh6
{[%clk 0:00:44]} 68. Kg2 {[%clk 0:01:38]} Re4 {[%clk 0:00:44]} 69. Bc6
{[%clk 0:01:33]} Rc4 {[%clk 0:00:41]} 70. Be8 {[%clk 0:01:56]} Rc8
{[%clk 0:00:54]} 71. Bd7 {[%clk 0:02:19]} Rc4 72. Bb5 {[%clk 0:02:22]} Rb4
{[%clk 0:00:40]} 73. Be8 {[%clk 0:02:40]} Re4 {[%clk 0:00:44]} 74. Bc6
{[%clk 0:03:03]} Rb4 {[%clk 0:00:35]} 75. Be8 {[%clk 0:03:23]} Rd4
{[%clk 0:00:47]} 76. Kf3 {[%clk 0:03:35]} Re4 {[%clk 0:00:41]} 77. Bc6
{[%clk 0:03:54]} Rc4 {[%clk 0:00:41]} 78. Be8 {[%clk 0:04:07]} Re4
{[%clk 0:00:42]} 79. Bc6 {[%clk 0:04:13]} Rd4 {[%clk 0:00:58]} 80. Be8
{[%clk 0:04:30]} Rd8 {[%clk 0:01:00]} 81. Bb5 {[%clk 0:04:16]} Kh5
{[%clk 0:00:37]} 82. Kxf4 {[%clk 0:04:38]} Rd5 {[%clk 0:00:32]} 83. Kg3
{[%clk 0:03:45]} Rd4 {[%clk 0:00:37]} 84. Be8+ {[%clk 0:03:58]} Kh6
{[%clk 0:00:53]} 85. f4 {[%clk 0:03:29]} Re4 {[%clk 0:00:42]} 86. Bc6
{[%clk 0:03:26]} Re3+ {[%clk 0:00:53]} 87. Kg2 {[%clk 0:02:49]} Kh5
{[%clk 0:00:45]} 88. Bd7 {[%clk 0:02:44]} Kg4 {[%clk 0:00:40]} 89. h5
{[%clk 0:02:46]} Kxf4 {[%clk 0:00:37]} 90. Kf2 {[%clk 0:02:05]} Re7
{[%clk 0:00:37]} 91. Bc6 {[%clk 0:02:07]} Rh7 {[%clk 0:00:40]} 92. Bf3
{[%clk 0:01:44]} Kg5 {[%clk 0:00:36]} 93. Ke3 {[%clk 0:01:31]} Rxh5
{[%clk 0:00:37]} 94. Bd1 {[%clk 0:01:20]} Rh3+ {[%clk 0:00:40]} 95. Kd4
{[%clk 0:01:37]} f4 {[%clk 0:00:36]} 96. Kc5 {[%clk 0:01:38]} Re3
{[%clk 0:00:35]} 97. Kb6 {[%clk 0:01:35]} Re5 {[%clk 0:00:43]} 98. Bf3
{[%clk 0:01:57]} Kh4 {[%clk 0:00:41]} 99. Bc6 {[%clk 0:01:57]} Re6
{[%clk 0:00:36]} 100. Kb5 {[%clk 0:01:38]} Rxc6 {[%clk 0:00:35]} 101. Kxc6
{[%clk 0:02:06]} f3 {[%clk 0:00:54]} 102. Kb5 {[%clk 0:02:30]} f2
{[%clk 0:01:19]} 103. Kxa5 {[%clk 0:02:53]} f1=Q {[%clk 0:01:33]} 104. Kb6
{[%clk 0:03:10]} Qf6+ {[%clk 0:00:37]} 105. Kb5 {[%clk 0:03:22]} Qd8
{[%clk 0:00:35]} 106. a5 {[%clk 0:03:49]} Qa8 {[%clk 0:00:39]} 107. Kb6
{[%clk 0:03:49]} Kg5 {[%clk 0:00:40]} 108. a6 {[%clk 0:04:06]} Qb8+
{[%clk 0:00:39]} 109. Kc6 {[%clk 0:03:56]} Qa7 {[%clk 0:00:51]} 110. Kb5
{[%clk 0:04:21]} Kf5 {[%clk 0:01:01]} 111. Ka5 {[%clk 0:04:44]} Qc5+
{[%clk 0:01:15]} 112. Ka4 {[%clk 0:05:02]} Qb6 {[%clk 0:01:35]} 0-1

[Event "escc2023_50"]
[Site "?"]
[Date "2023.05.30"]
[Round "5.2"]
[White "Urbanc, Suzana"]
[Black "Sirletti, Sonia"]
[Result "1/2-1/2"]
[BlackElo "1825"]
[WhiteElo "1655"]
[LiveChessVersion "1.4.8"]

1. d4 {[%clk 1:30:53]} d5 {[%clk 1:30:07]} 2. Bf4 {[%clk 1:31:15]} Nf6
{[%clk 1:29:54]} 3. e3 {[%clk 1:31:23]} e6 {[%clk 1:30:16]} 4. Nd2
{[%clk 1:31:48]} Bd6 {[%clk 1:30:28]} 5. Bg3 {[%clk 1:32:13]} O-O
{[%clk 1:30:34]} 6. Bd3 {[%clk 1:32:06]} c5 {[%clk 1:30:41]} 7. c3
{[%clk 1:32:28]} Qc7 {[%clk 1:30:45]} 8. f4 {[%clk 1:32:16]} Nbd7
{[%clk 1:29:38]} 9. Ngf3 {[%clk 1:32:30]} b6 {[%clk 1:27:48]} 10. Ne5
{[%clk 1:32:54]} Bb7 {[%clk 1:26:33]} 11. Qf3 {[%clk 1:33:20]} a5
{[%clk 1:25:20]} 12. Rc1 {[%clk 1:29:21]} Ba6 {[%clk 1:18:29]} 13. Bb1
{[%clk 1:28:03]} b5 {[%clk 1:14:56]} 14. Bh4 {[%clk 1:23:36]} cxd4
{[%clk 1:01:53]} 15. exd4 {[%clk 1:21:01]} b4 {[%clk 1:01:53]} 16. g4
{[%clk 1:15:43]} g6 {[%clk 0:57:15]} 17. Bxf6 {[%clk 1:15:17]} Nxf6
{[%clk 0:57:29]} 18. h4 {[%clk 1:15:35]} Rac8 {[%clk 0:47:21]} 19. h5
{[%clk 1:14:13]} Ne4 {[%clk 0:46:45]} 20. hxg6 {[%clk 0:39:44]} fxg6
{[%clk 0:43:05]} 21. Nxe4 {[%clk 0:27:18]} dxe4 {[%clk 0:42:27]} 22. Bxe4
{[%clk 0:26:55]} Bxe5 {[%clk 0:37:21]} 23. dxe5 {[%clk 0:27:11]} Rcd8
{[%clk 0:25:24]} 24. Rc2 {[%clk 0:26:07]} bxc3 {[%clk 0:21:53]} 25. Rxc3
{[%clk 0:19:29]} Qd7 {[%clk 0:20:37]} 26. Rc2 {[%clk 0:06:52]} Rc8
{[%clk 0:19:42]} 27. Rhh2 {[%clk 0:06:33]} Qd4 {[%clk 0:15:55]} 28. Rhf2
{[%clk 0:02:46]} Rxc2 {[%clk 0:09:34]} 29. Bxc2 {[%clk 0:03:14]} Qxb2
{[%clk 0:08:21]} 30. Qb3 {[%clk 0:01:54]} Qc1+ {[%clk 0:06:17]} 31. Bd1
{[%clk 0:02:23]} Bc4 {[%clk 0:05:03]} 32. Qc2 {[%clk 0:01:51]} Qe3+
{[%clk 0:04:40]} 33. Be2 {[%clk 0:02:05]} Bd5 {[%clk 0:01:45]} 34. Qd2
{[%clk 0:01:46]} Qb6 {[%clk 0:01:38]} 35. Bd3 {[%clk 0:01:43]} Rd8
{[%clk 0:01:47]} 36. Qb2 {[%clk 0:01:46]} Qxb2 {[%clk 0:01:09]} 37. Rxb2
{[%clk 0:02:13]} Rc8 {[%clk 0:01:00]} 38. Kd2 {[%clk 0:02:26]} Bf3
{[%clk 0:01:07]} 39. g5 {[%clk 0:02:27]} Bd5 {[%clk 0:01:17]} 40. a3
{[%clk 0:02:12]} Rc7 {[%clk 0:01:19]} 41. a4 {[%clk 0:28:23]} Rd7
{[%clk 0:26:26]} 42. Rb8+ {[%clk 0:26:36]} Kg7 {[%clk 0:24:38]} 43. Bb5
{[%clk 0:26:08]} Bc6+ {[%clk 0:17:47]} 44. Kc3 {[%clk 0:26:18]} Rc7
{[%clk 0:17:50]} 45. Kd4 {[%clk 0:25:32]} Bd5 {[%clk 0:16:17]} 46. Rb6
{[%clk 0:25:07]} h5 {[%clk 0:11:31]} 47. gxh6+ {[%clk 0:24:53]} Kxh6
{[%clk 0:11:57]} 48. Ra6 {[%clk 0:24:56]} Rf7 {[%clk 0:11:44]} 49. Ke3
{[%clk 0:24:54]} g5 {[%clk 0:11:28]} 50. fxg5+ {[%clk 0:24:59]} Kxg5
{[%clk 0:11:55]} 51. Rxa5 {[%clk 0:23:01]} Rf4 {[%clk 0:11:08]} 52. Bd3
{[%clk 0:13:03]} Bb3 {[%clk 0:09:39]} 53. Be4 {[%clk 0:13:11]} Rh4
{[%clk 0:09:01]} 54. Ra7 {[%clk 0:10:45]} Rh3+ {[%clk 0:03:33]} 55. Kd4
{[%clk 0:11:13]} Rh8 {[%clk 0:03:01]} 56. Rg7+ {[%clk 0:02:50]} Kf4
{[%clk 0:03:10]} 57. Rf7+ {[%clk 0:03:03]} Kg5 {[%clk 0:03:25]} 58. Bc6
{[%clk 0:02:25]} Rh4+ {[%clk 0:03:08]} 59. Be4 {[%clk 0:02:15]} Bxa4
{[%clk 0:02:49]} 60. Rg7+ {[%clk 0:02:24]} Kf4 {[%clk 0:02:26]} 61. Rf7+
{[%clk 0:02:07]} Kg5 {[%clk 0:02:46]} 62. Ke3 {[%clk 0:00:40]} Rh3+
{[%clk 0:02:12]} 63. Rf3 {[%clk 0:00:45]} Rxf3+ {[%clk 0:01:59]} 64. Kxf3
{[%clk 0:01:10]} Bb3 {[%clk 0:01:44]} 1/2-1/2

[Event "escc2023_50"]
[Site "?"]
[Date "2023.05.30"]
[Round "5.3"]
[White "Novak, Simona"]
[Black "Dubois, Martine"]
[Result "0-1"]
[BlackElo "1753"]
[WhiteElo "1622"]
[LiveChessVersion "1.4.8"]

1. e4 {[%clk 1:30:57]} d5 {[%clk 1:30:57]} 2. exd5 {[%clk 1:31:19]} Qxd5
{[%clk 1:31:22]} 3. Nc3 {[%clk 1:30:59]} Qd6 {[%clk 1:31:46]} 4. d4
{[%clk 1:31:01]} Nf6 {[%clk 1:32:08]} 5. Nf3 {[%clk 1:29:49]} c6 {[%clk 1:32:01]}
6. Bc4 {[%clk 1:22:29]} Bg4 {[%clk 1:30:38]} 7. Be3 {[%clk 1:21:19]} e6
{[%clk 1:29:27]} 8. h3 {[%clk 1:19:41]} Bh5 {[%clk 1:28:37]} 9. Qd2
{[%clk 1:19:13]} Bxf3 {[%clk 1:27:56]} 10. gxf3 {[%clk 1:19:40]} Qc7
{[%clk 1:24:10]} 11. O-O-O {[%clk 1:15:15]} Nbd7 {[%clk 1:18:58]} 12. Ne4
{[%clk 1:13:38]} Nd5 {[%clk 1:11:58]} 13. Rhe1 {[%clk 1:06:51]} b5
{[%clk 1:05:42]} 14. Bxd5 {[%clk 0:59:39]} cxd5 {[%clk 1:06:05]} 15. Bf4
{[%clk 0:57:26]} Qc6 {[%clk 0:57:54]} 16. Ng3 {[%clk 0:51:58]} Nb6
{[%clk 0:51:51]} 17. Kb1 {[%clk 0:49:07]} Nc4 {[%clk 0:47:10]} 18. Qd3
{[%clk 0:48:57]} Rc8 {[%clk 0:45:58]} 19. Bc1 {[%clk 0:47:24]} a5
{[%clk 0:43:03]} 20. f4 {[%clk 0:47:31]} g6 {[%clk 0:38:00]} 21. f5
{[%clk 0:46:10]} gxf5 {[%clk 0:32:40]} 22. Nxf5 {[%clk 0:44:56]} Kd7
{[%clk 0:25:15]} 23. Ng3 {[%clk 0:41:22]} h5 {[%clk 0:22:24]} 24. Re2
{[%clk 0:40:13]} h4 {[%clk 0:21:51]} 25. Nf1 {[%clk 0:40:05]} Bh6
{[%clk 0:18:05]} 26. f4 {[%clk 0:38:19]} Nd6 {[%clk 0:17:13]} 27. Be3
{[%clk 0:35:05]} Bg7 {[%clk 0:15:42]} 28. Nd2 {[%clk 0:35:04]} Nf5
{[%clk 0:15:00]} 29. Bf2 {[%clk 0:34:57]} Bxd4 {[%clk 0:13:20]} 30. Nf3
{[%clk 0:31:29]} Bf6 {[%clk 0:13:31]} 31. Ne5+ {[%clk 0:25:04]} Bxe5
{[%clk 0:13:56]} 32. fxe5 {[%clk 0:25:15]} Qc4 {[%clk 0:12:30]} 33. Qf3
{[%clk 0:24:49]} Ke8 {[%clk 0:11:32]} 34. Rd3 {[%clk 0:24:37]} b4
{[%clk 0:11:26]} 35. Rdd2 {[%clk 0:24:46]} a4 {[%clk 0:11:08]} 36. Re1
{[%clk 0:20:36]} Rg8 {[%clk 0:10:30]} 37. a3 {[%clk 0:17:43]} Rb8
{[%clk 0:07:02]} 38. Ka1 {[%clk 0:14:07]} bxa3 {[%clk 0:04:19]} 39. Qxa3
{[%clk 0:14:34]} Qb4 {[%clk 0:03:32]} 40. Rd3 {[%clk 0:13:12]} Rg2
{[%clk 0:02:39]} 41. Qxb4 {[%clk 0:07:27]} Rxb4 {[%clk 0:03:06]} 42. Rf3
{[%clk 0:05:59]} Re4 {[%clk 0:25:18]} 43. Rf1 {[%clk 0:29:50]} Rxe5
{[%clk 0:22:48]} 44. b4 {[%clk 0:27:42]} axb3 {[%clk 0:21:34]} 45. Rxb3
{[%clk 0:26:19]} Re2 {[%clk 0:21:06]} 46. Rb8+ {[%clk 0:26:25]} Kd7
{[%clk 0:20:45]} 47. Bxh4 {[%clk 0:18:48]} Nxh4 {[%clk 0:16:48]} 48. Rxf7+
{[%clk 0:19:14]} Kd6 {[%clk 0:16:42]} 49. Rd8+ {[%clk 0:19:16]} Ke5
{[%clk 0:16:37]} 50. Rc8 {[%clk 0:19:05]} Rxc2 {[%clk 0:16:45]} 51. Rxc2
{[%clk 0:19:22]} Rxc2 {[%clk 0:17:10]} 52. Rh7 {[%clk 0:19:06]} Nf5
{[%clk 0:16:13]} 53. h4 {[%clk 0:18:42]} Rh2 {[%clk 0:16:34]} 0-1

[Event "escc2023_50"]
[Site "?"]
[Date "2023.05.30"]
[Round "5.4"]
[White "Birkholz, Olga"]
[Black "Baliuniene, Margarita"]
[Result "0-1"]
[BlackElo "1920"]
[WhiteElo "2005"]
[LiveChessVersion "1.4.8"]

1. d4 {[%clk 1:30:57]} d5 {[%clk 1:30:55]} 2. Bf4 {[%clk 1:31:23]} Nf6
{[%clk 1:31:13]} 3. e3 {[%clk 1:31:44]} Nbd7 {[%clk 1:30:59]} 4. Nd2
{[%clk 1:31:51]} c5 {[%clk 1:31:15]} 5. c3 {[%clk 1:30:22]} b6 {[%clk 1:31:18]}
6. Bd3 {[%clk 1:30:27]} Bb7 {[%clk 1:31:40]} 7. Qf3 {[%clk 1:22:44]} e6
{[%clk 1:30:43]} 8. Ne2 {[%clk 1:19:02]} Be7 {[%clk 1:28:27]} 9. g4
{[%clk 1:14:43]} h6 {[%clk 1:26:25]} 10. h4 {[%clk 1:12:49]} g6 {[%clk 1:13:10]}
11. Bg3 {[%clk 1:03:05]} c4 {[%clk 1:06:56]} 12. Bc2 {[%clk 1:03:23]} b5
{[%clk 1:07:23]} 13. Nf4 {[%clk 0:58:28]} e5 {[%clk 1:05:08]} 14. Ne6
{[%clk 0:56:50]} Qb6 {[%clk 0:59:01]} 15. dxe5 {[%clk 0:46:06]} Qxe6
{[%clk 0:58:31]} 16. exf6 {[%clk 0:46:23]} Nxf6 {[%clk 0:57:15]} 17. Bd1
{[%clk 0:35:09]} O-O-O {[%clk 0:52:17]} 18. Qf4 {[%clk 0:34:25]} Bd6
{[%clk 0:52:33]} 19. Qd4 {[%clk 0:34:33]} Bxg3 {[%clk 0:52:04]} 20. fxg3
{[%clk 0:35:02]} Rhe8 {[%clk 0:51:08]} 21. O-O {[%clk 0:27:24]} Nd7
{[%clk 0:44:51]} 22. a4 {[%clk 0:17:15]} a6 {[%clk 0:40:52]} 23. axb5
{[%clk 0:16:27]} axb5 {[%clk 0:41:21]} 24. Ra5 {[%clk 0:16:13]} Qxe3+
{[%clk 0:37:28]} 25. Qxe3 {[%clk 0:14:16]} Rxe3 {[%clk 0:37:56]} 26. Rxb5
{[%clk 0:13:15]} Rxg3+ {[%clk 0:33:19]} 27. Kf2 {[%clk 0:13:19]} Rd3
{[%clk 0:33:18]} 28. Nf3 {[%clk 0:13:38]} Re8 {[%clk 0:33:10]} 29. Nd4
{[%clk 0:11:28]} Nf6 {[%clk 0:27:04]} 30. Be2 {[%clk 0:10:06]} Ne4+
{[%clk 0:25:10]} 31. Kg2 {[%clk 0:09:29]} Rg3+ {[%clk 0:22:54]} 32. Kh2
{[%clk 0:09:51]} Re3 {[%clk 0:23:14]} 33. Rxf7 {[%clk 0:09:41]} Nd6
{[%clk 0:23:22]} 34. Rc5+ {[%clk 0:08:24]} Kb8 {[%clk 0:23:20]} 35. Rg7
{[%clk 0:06:45]} Rxe2+ {[%clk 0:20:47]} 36. Nxe2 {[%clk 0:07:14]} Rxe2+
{[%clk 0:21:08]} 37. Kg1 {[%clk 0:07:25]} Rxb2 {[%clk 0:21:06]} 38. Rxg6
{[%clk 0:07:27]} Ne4 {[%clk 0:21:18]} 39. Rg8+ {[%clk 0:06:12]} Ka7
{[%clk 0:21:31]} 40. Ra5+ {[%clk 0:06:35]} Kb6 {[%clk 0:21:57]} 41. Ra3
{[%clk 0:06:54]} Rb3 {[%clk 0:19:06]} 42. Rg6+ {[%clk 0:06:26]} Kb5
{[%clk 0:18:20]} 43. Ra7 {[%clk 0:06:05]} Bc6 {[%clk 0:18:36]} 44. Rc7
{[%clk 0:05:20]} Rxc3 {[%clk 0:13:50]} 45. Rcxc6 {[%clk 0:01:01]} Rc1+
{[%clk 0:14:03]} 46. Kh2 {[%clk 0:00:55]} c3 {[%clk 0:14:19]} 47. g5
{[%clk 0:30:02]} hxg5 {[%clk 0:44:40]} 48. h5 {[%clk 0:30:27]} c2
{[%clk 0:44:29]} 49. h6 {[%clk 0:26:13]} Nc5 {[%clk 0:44:23]} 50. h7
{[%clk 0:26:22]} Rh1+ {[%clk 0:32:36]} 51. Kxh1 {[%clk 0:26:50]} c1=Q+
{[%clk 0:32:55]} 52. Kg2 {[%clk 0:23:44]} Qd2+ {[%clk 0:33:17]} 53. Kh3
{[%clk 0:19:43]} Qe3+ {[%clk 0:33:22]} 54. Kg4 {[%clk 0:19:04]} Qf4+
{[%clk 0:33:43]} 55. Kh3 {[%clk 0:19:03]} Qh4+ {[%clk 0:33:20]} 56. Kg2
{[%clk 0:19:32]} Qxh7 {[%clk 0:33:36]} 57. Rb6+ {[%clk 0:19:03]} Kc4
{[%clk 0:33:55]} 58. Rxg5 {[%clk 0:19:02]} Qc2+ {[%clk 0:34:14]} 59. Kh3
{[%clk 0:19:18]} Qd3+ {[%clk 0:34:10]} 60. Rg3 {[%clk 0:19:30]} Qf5+
{[%clk 0:33:53]} 61. Rg4+ {[%clk 0:17:43]} Ne4 {[%clk 0:34:13]} 62. Rbg6
{[%clk 0:17:01]} d4 {[%clk 0:33:35]} 63. Kh2 {[%clk 0:15:44]} d3 {[%clk 0:33:28]}
64. Kg2 {[%clk 0:14:37]} d2 {[%clk 0:33:28]} 65. Kh3 {[%clk 0:15:02]} Qf3+
{[%clk 0:31:57]} 66. Kh2 {[%clk 0:15:03]} d1=Q {[%clk 0:32:10]} 67. Rc6+
{[%clk 0:15:04]} Kd5 {[%clk 0:31:42]} 68. Rc5+ {[%clk 0:14:42]} Kxc5
{[%clk 0:31:12]} 69. Rg5+ {[%clk 0:15:08]} Qd5 {[%clk 0:31:14]} 0-1

[Event "escc2023_50"]
[Site "?"]
[Date "2023.05.30"]
[Round "5.5"]
[White "Arkell, Keith C"]
[Black "Sturua, Zurab"]
[Result "0-1"]
[BlackElo "2518"]
[WhiteElo "2390"]
[LiveChessVersion "1.4.8"]

1. d4 {[%clk 1:30:54]} Nf6 {[%clk 1:30:33]} 2. Nf3 {[%clk 1:31:17]} g6
{[%clk 1:30:33]} 3. c4 {[%clk 1:31:23]} Bg7 {[%clk 1:30:54]} 4. g3
{[%clk 1:31:47]} O-O {[%clk 1:30:39]} 5. Bg2 {[%clk 1:32:13]} d6 {[%clk 1:29:53]}
6. O-O {[%clk 1:32:32]} Nc6 {[%clk 1:28:35]} 7. Nc3 {[%clk 1:32:29]} e5
{[%clk 1:27:57]} 8. dxe5 {[%clk 1:24:56]} Nxe5 {[%clk 1:26:17]} 9. b3
{[%clk 1:20:02]} c6 {[%clk 1:20:35]} 10. Nxe5 {[%clk 1:12:02]} dxe5
{[%clk 1:19:59]} 11. Ba3 {[%clk 1:12:20]} Re8 {[%clk 1:16:33]} 12. Qxd8
{[%clk 1:12:40]} Rxd8 {[%clk 1:16:57]} 13. Rad1 {[%clk 1:11:10]} Bf5
{[%clk 1:09:54]} 14. Be7 {[%clk 1:06:40]} Re8 {[%clk 1:07:03]} 15. Bxf6
{[%clk 1:05:43]} Bxf6 {[%clk 1:07:08]} 16. Ne4 {[%clk 1:06:07]} Be7
{[%clk 1:05:30]} 17. Nd6 {[%clk 1:06:31]} Bxd6 {[%clk 1:05:52]} 18. Rxd6
{[%clk 1:06:57]} Red8 {[%clk 1:06:05]} 19. Rfd1 {[%clk 1:07:01]} Rxd6
{[%clk 1:06:28]} 20. Rxd6 {[%clk 1:07:27]} a5 {[%clk 1:06:46]} 21. f4
{[%clk 1:03:44]} a4 {[%clk 0:56:41]} 22. fxe5 {[%clk 1:01:00]} a3
{[%clk 0:41:13]} 23. Kf2 {[%clk 0:52:27]} Bc2 {[%clk 0:38:19]} 24. b4
{[%clk 0:41:16]} Bb3 {[%clk 0:37:33]} 25. axb3 {[%clk 0:41:24]} a2
{[%clk 0:37:54]} 26. Rd1 {[%clk 0:41:50]} a1=Q {[%clk 0:38:08]} 27. Rxa1
{[%clk 0:42:16]} Rxa1 {[%clk 0:38:29]} 28. b5 {[%clk 0:28:43]} cxb5
{[%clk 0:32:28]} 29. Bxb7 {[%clk 0:28:03]} b4 {[%clk 0:25:07]} 30. Bd5
{[%clk 0:15:24]} Ra3 {[%clk 0:21:45]} 31. Ke3 {[%clk 0:10:35]} Rxb3+
{[%clk 0:21:48]} 32. Kd4 {[%clk 0:11:01]} Kf8 {[%clk 0:20:17]} 33. Kc5
{[%clk 0:10:37]} Ke7 {[%clk 0:19:27]} 34. e4 {[%clk 0:07:22]} Rb1
{[%clk 0:14:48]} 35. g4 {[%clk 0:03:33]} g5 {[%clk 0:13:03]} 36. h3
{[%clk 0:03:49]} h6 {[%clk 0:12:49]} 37. Kb5 {[%clk 0:04:12]} b3 {[%clk 0:12:08]}
38. Kb4 {[%clk 0:04:37]} b2 {[%clk 0:12:29]} 39. Kb3 {[%clk 0:04:47]} Rh1
{[%clk 0:12:14]} 40. Kxb2 {[%clk 0:05:12]} Rxh3 {[%clk 0:12:40]} 41. c5
{[%clk 0:05:30]} h5 {[%clk 0:12:01]} 42. c6 {[%clk 0:04:08]} hxg4
{[%clk 0:12:01]} 43. e6 {[%clk 0:03:03]} fxe6 {[%clk 0:11:45]} 44. c7
{[%clk 0:03:28]} Rh8 {[%clk 0:11:56]} 0-1

[Event "escc2023_50"]
[Site "?"]
[Date "2023.05.30"]
[Round "5.6"]
[White "Contin, Daniel"]
[Black "Van Der Werf, Mark"]
[Result "1/2-1/2"]
[BlackElo "2396"]
[WhiteElo "2231"]
[LiveChessVersion "1.4.8"]

1. Nf3 {[%clk 1:21:49]} Nf6 {[%clk 1:30:48]} 2. c4 {[%clk 1:21:51]} e6
{[%clk 1:31:13]} 3. b3 {[%clk 1:21:30]} d5 {[%clk 1:31:29]} 4. Bb2
{[%clk 1:21:43]} c5 {[%clk 1:31:13]} 5. e3 {[%clk 1:21:38]} Nc6 {[%clk 1:30:46]}
6. cxd5 {[%clk 1:22:02]} exd5 {[%clk 1:31:12]} 7. Bb5 {[%clk 1:22:23]} Bd6
{[%clk 1:29:56]} 8. O-O {[%clk 1:22:22]} O-O {[%clk 1:30:13]} 9. d4
{[%clk 1:22:36]} cxd4 {[%clk 1:28:17]} 10. Nxd4 {[%clk 1:22:59]} Bc7
{[%clk 1:25:59]} 11. Ba3 {[%clk 1:13:50]} Re8 {[%clk 1:25:48]} 12. Bxc6
{[%clk 1:05:08]} bxc6 {[%clk 1:26:08]} 13. Nd2 {[%clk 0:57:41]} Bd7
{[%clk 1:23:55]} 14. Rc1 {[%clk 0:55:58]} Rc8 {[%clk 1:23:53]} 15. N2f3
{[%clk 0:54:25]} Bb8 {[%clk 1:23:00]} 16. Qd3 {[%clk 0:51:13]} Ne4
{[%clk 1:18:42]} 17. b4 {[%clk 0:44:11]} a5 {[%clk 0:52:26]} 18. b5
{[%clk 0:38:56]} c5 {[%clk 0:52:52]} 19. Nc6 {[%clk 0:37:10]} Bxc6
{[%clk 0:52:11]} 20. bxc6 {[%clk 0:37:39]} Qd6 {[%clk 0:52:16]} 21. Rfd1
{[%clk 0:36:42]} Red8 {[%clk 0:49:51]} 22. Qb5 {[%clk 0:35:20]} Rxc6
{[%clk 0:47:52]} 23. g3 {[%clk 0:31:47]} Rb6 {[%clk 0:43:39]} 24. Qa4
{[%clk 0:30:12]} h6 {[%clk 0:38:59]} 25. Nd2 {[%clk 0:27:04]} Nxd2
{[%clk 0:39:20]} 26. Rxd2 {[%clk 0:27:33]} Rc8 {[%clk 0:37:39]} 27. Qxa5
{[%clk 0:17:00]} Ra6 {[%clk 0:34:46]} 28. Qc3 {[%clk 0:17:28]} Qe6
{[%clk 0:26:59]} 29. Rcd1 {[%clk 0:09:55]} Be5 {[%clk 0:25:43]} 30. Qc1
{[%clk 0:09:34]} d4 {[%clk 0:24:16]} 31. Bxc5 {[%clk 0:09:50]} dxe3
{[%clk 0:20:12]} 32. Rd8+ {[%clk 0:10:12]} Rxd8 {[%clk 0:20:16]} 33. Rxd8+
{[%clk 0:10:40]} Kh7 {[%clk 0:20:39]} 34. Qxe3 {[%clk 0:09:44]} 1/2-1/2